Zákon o zadávání veřejných zakázek ; Zákon o registru smluv : komentář /

Hlavní autor: Podešva, Vilém, 1977-
Korporativní autor: Česko.
Další autoři: Sommer, Lukáš, Votrubec, Jiří, Flaškár, Martin, Harnach, Jiří, 1977-, Měkota, Jan, Janoušek, Martin
Jazyk: Čeština
Vydáno: Praha : Wolters Kluwer, 2016
Vydání: Vydání první
Edice: Komentáře (Wolters Kluwer ČR)
Témata:
Fyzický popis: xxvi, 1079 stran : portréty ; 24 cm
Knihy
Uloženo v:
LEADER 02736nam a2200661 i 4500
001 nkc20162775610
003 CZ PrNK
005 20161114180024.0
007 ta
008 160202s2016 xr c e l 001 0 cze
015 |a cnb002775610 
020 |a 978-80-7552-102-6  |q (vázáno) 
035 |a (OCoLC)958227545 
040 |a BOA001  |b cze  |e rda 
043 |a e-xr--- 
072 7 |a 351  |x Úkoly veřejné správy, správní opatření, legislativa  |2 Konspekt  |9 15 
080 |a 351.712  |2 MRF 
080 |a [007+004]:347.440  |2 MRF 
080 |a (437.3)  |2 MRF 
080 |a (094.5)  |2 MRF 
080 |a (0.072)  |2 MRF 
100 1 |a Podešva, Vilém,  |d 1977-  |7 xx0056620  |4 cwt 
245 1 0 |a Zákon o zadávání veřejných zakázek ;  |b Zákon o registru smluv : komentář /  |c Vilém Podešva, Lukáš Sommer, Jiří Votrubec, Martin Flaškár, Jiří Harnach, Jan Měkota, Martin Janoušek 
250 |a Vydání první 
264 1 |a Praha :  |b Wolters Kluwer,  |c 2016 
300 |a xxvi, 1079 stran :  |b portréty ;  |c 24 cm 
336 |a text  |b txt  |2 rdacontent 
337 |a bez média  |b n  |2 rdamedia 
338 |a svazek  |b nc  |2 rdacarrier 
490 1 |a Komentáře Wolters Kluwer 
500 |a "Právní stav publikace k 1.7.2016"--Rub titulní stránky 
504 |a Obsahuje bibliografie, bibliografické odkazy a rejstříky 
650 0 7 |a veřejné zakázky  |7 ph127085  |z Česko  |2 czenas 
650 0 7 |a registr smluv  |7 ph925092  |z Česko  |2 czenas 
650 0 9 |a public contracts  |z Czechia  |2 eczenas 
650 0 9 |a contracts register  |z Czechia  |2 eczenas 
655 7 |a zákony  |7 fd133886  |2 czenas 
655 7 |a komentáře  |7 fd132578  |2 czenas 
655 9 |a laws  |2 eczenas 
655 9 |a commentaries  |2 eczenas 
700 1 |a Sommer, Lukáš  |7 mzk2016923135  |4 cwt 
700 1 |a Votrubec, Jiří  |7 mzk2016923147  |4 cwt 
700 1 |a Flaškár, Martin  |7 mzk2016923149  |4 cwt 
700 1 |a Harnach, Jiří,  |d 1977-  |7 mzk2016923153  |4 cwt 
700 1 |a Měkota, Jan  |7 mzk2016923158  |4 cwt 
700 1 |a Janoušek, Martin  |7 xx0200968  |4 cwt 
710 1 2 |a Česko.  |t Zákon o zadávání veřejných zakázek (2016)  |7 kon2016918142 
710 1 2 |a Česko.  |t Zákon o registru smluv (2015)  |7 kon2016920812 
740 0 2 |a Zákon o registru smluv 
830 0 |a Komentáře (Wolters Kluwer ČR)  |0 s 
910 2 |a BOA001  |b 2-1373.035 
928 9 |a Wolters Kluwer ČR 
990 |a BK 
995 |a 01 
991 |b 201608  |c NOV 
996 6 |b 2610679024  |c 2-1373.035  |l MZK  |r POP  |n 2  |p p.v. ; S.Dresslerová-kanc.  |w 001573485  |u 000010  |a 1  |e BOA001  |j MZK50  |s P 
996 6 |b 2610680908  |c 2-1373.035  |l MZK  |r Sklad / do 1 hodiny  |n 0  |p kup  |w 001573485  |u 000020  |a 1  |e BOA001  |j MZK50  |s P 
996 7 |b 2610680909  |c 2-1373.035  |l Vol.výběr  |r VV 0p  |n 21  |p kup  |h 35 POD  |w 001573485  |u 000030  |a 0  |e BOA001  |j MZK50  |s A